Most densely-populated Massachusetts cities and towns Quiz Stats

 Plays Quiz not verified by Sporcle

Challenge
Share
Tweet
Embed
Score 0/30 Timer 05:00
0 Plays Today
Population City/town % Correct
625,087Boston
94.7%
106,038Cambridge
88.3%
181,631Worcester
86.4%
76,519Somerville
85.9%
153,155Springfield
84%
107,584Lowell
79.6%
92,909Quincy
77.7%
91,040Lynn
75.2%
35,649Chelsea
74.8%
52,459Revere
74.8%
76,976Lawrence
74.3%
85,945Newton
69.9%
56,738Medford
68.4%
60,071Malden
67.5%
42,101Everett
65.5%
Population City/town % Correct
94,316Brockton
64.1%
95,183New Bedford
63.6%
59,132Brookline
62.6%
41,654Salem
58.7%
43,290Arlington
58.7%
61,181Waltham
55.3%
17,737Winthrop
50%
32,248Watertown
49.5%
27,263Melrose
41.3%
24,987Belmont
39.8%
10,349Hull
36.4%
21,659Stoneham
27.2%
19,964Marblehead
26.7%
21,594Winchester
25.2%
13,896Swampscott
20.9%

You're not logged in!

Compare scores with friends on all Sporcle quizzes.
OR
Log In

You Might Also Like...

Show Comments

Extras

Top Quizzes Today


Score Distribution

Your Account Isn't Verified!

In order to create a playlist on Sporcle, you need to verify the email address you used during registration. Go to your Sporcle Settings to finish the process.

Report this User

Report this user for behavior that violates our Community Guidelines.

Details: